Contribuciones /
Guardado en:
| Institution som forfatter: | |
|---|---|
| Format: | Bog |
| Sprog: | Spanish |
| Udgivet: |
San José, Costa Rica:
Instituto de Investigaciones Sociales
1989-
|
| Fag: | |
| Tags: |
Tilføj Tag
Ingen Tags, Vær først til at tagge denne postø!
|
MARC
| LEADER | 00000nam a22000007a 4500 | ||
|---|---|---|---|
| 003 | cru CIDCACS/IIS | ||
| 005 | 20200417103536.0 | ||
| 008 | 200417s1989 cr |||p|r|||||| ||spa|d | ||
| 999 | |c 43084 |d 43084 | ||
| 040 | |c cru CIDCACS/IIS | ||
| 090 | |a REV0192 | ||
| 110 | 1 | |9 3348 |a Universidad de Costa Rica. |b Facultad de Ciencias Sociales. |b Instituto de Investigaciones Sociales | |
| 245 | 1 | |a Contribuciones / |c Universidad de Costa Rica. Facultad de Ciencias Sociales. Instituto de Investigaciones Sociales | |
| 260 | |a San José, Costa Rica: |b Instituto de Investigaciones Sociales |c 1989- | ||
| 270 | |a Universidad de Costa Rica. Facultad de Ciencias Sociales. Instituto de Investigaciones Sociales. Campus Universitario Rodrigo Facio, entre Farmacia y Microbiología |b San Pedro de Monstes de Oca |c San José |d Costa Rica |e Apdo 49. Código 2060 | ||
| 500 | |a EXISTENCIAS : 1989-1991 (0-13) 1992 (14-19) 1995 (20-26) 1996 (27-28) 1997 (29-31) 1998 (32-33) 1999 (34-37) 2000 (38) 2002 (39) Irregular | ||
| 650 | 0 | |9 1857 |a PUBLICACIONES INSTITUTO DE INVESTIGACIONES SOCIALES-UCR | |
| 650 | 0 | |9 237 |a INVESTIGACION SOCIAL | |
| 650 | 0 | |9 294 |a MANUALES | |
| 650 | 4 | |9 2014 |a DESARROLLO AGROPECUARIO | |
| 650 | 4 | |9 4425 |a AJUSTE ESTRUCTURAL | |
| 650 | 0 | |9 2093 |a SOCIALIZACION | |
| 650 | 0 | |9 978 |a JUVENTUD | |
| 650 | 0 | |9 408 |a SERVICIOS DE SALUD | |
| 650 | 0 | |9 88 |a MUJERES | |
| 650 | 4 | |9 3229 |a PLANES DE PAZ | |
| 942 | |2 ddc |c PP | ||
